Catálogo público

El conejo : una opción alimenticia / (Record no. 163026)

MARC details
000 -CABECERA
campo de control de longitud fija 00697nam a2200277Ia 4500
001 - NÚMERO DE CONTROL
campo de control Z_60
003 - IDENTIFICADOR DEL NÚMERO DE CONTROL
campo de control CHAP
008 - DATOS DE LONGITUD FIJA--INFORMACIÓN GENERAL
campo de control de longitud fija 220113s1999 xx 000 0 und d
010 ## - NÚMERO DE CONTROL DE LA BIBLIOTECA DEL CONGRESO
Número de control de LC 163026
020 ## - NÚMERO INTERNACIONAL ESTÁNDAR DEL LIBRO
Número Internacional Estándar del Libro 9709087-17-7
040 ## - FUENTE DE LA CATALOGACIÓN
Centro/agencia transcriptor CHAP
082 ## - NÚMERO DE LA CLASIFICACIÓN DECIMAL DEWEY
Número de clasificación 636.9 L6
100 ## - ENTRADA PRINCIPAL--NOMBRE DE PERSONA
Nombre de persona López Pérez, Elvia
9 (RLIN) 68223
245 ## - MENCIÓN DE TÍTULO
Título El conejo : una opción alimenticia /
Mención de responsabilidad, etc. Elvia López Pérez y Gustavo Tirado Estrada
260 ## - PUBLICACIÓN, DISTRIBUCIÓN, ETC.
Lugar de publicación, distribución, etc. México, D. F. :
Nombre del editor, distribuidor, etc. Grupo Editorial Exodo,
Fecha de publicación, distribución, etc. 1999
300 ## - DESCRIPCIÓN FÍSICA
Extensión 220 p.
503 ## - NOTA DE HISTORIA BIBLIOGRÁFICA (BK CF MU) [OBSOLETO]
Nota de historia bibliográfica fotocopia
650 ## - PUNTO DE ACCESO ADICIONAL DE MATERIA--TÉRMINO DE MATERIA
Término de materia o nombre geográfico como elemento de entrada conejos
9 (RLIN) 26352
700 ## - PUNTO DE ACCESO ADICIONAL--NOMBRE DE PERSONA
Nombre de persona Tirado Estrada, Gustavo
9 (RLIN) 113404
901 ## - ELEMENTOS DE DATOS A LOCAL LDA (RLIN)
a 636.9 L6
902 ## - ELEMENTOS DE DATOS B LOCAL, LDB (RLIN)
a M
910 ## - DATOS DE OPCIÓN DEL USUARIO (OCLC)
Datos de opción del usuario 1999
942 ## - ELEMENTOS DE PUNTO DE ACCESO ADICIONAL (KOHA)
Tipo de ítem Koha Libro_
942 ## - ELEMENTOS DE PUNTO DE ACCESO ADICIONAL (KOHA)
Tipo de ítem Koha
Holdings
Estado de retiro Estado de pérdida Fuente del sistema de clasificación o colocación Estado dañado No para préstamo Código de colección Localización permanente Ubicación/localización actual Ubicación en estantería Fecha de adquisición Código de barras Fecha visto por última vez Número de copia Precio válido a partir de Tipo de ítem Koha
    Dewey Decimal Classification     General Zootecnia Zootecnia   09/11/2005 z_0563 18/01/2022 1 18/01/2022 Libro